Super Maths: (Record no. 213462)

MARC details
000 -LEADER
fixed length control field 00668nam a22001937a 4500
005 - DATE AND TIME OF LATEST TRANSACTION
control field 20250926104508.0
010 ## - LCCN (DPL NO)
LC control number ENG-146857
020 ## - INTERNATIONAL STANDARD BOOK NUMBER
International Standard Book Number 9789369581795
Terms of availability 450.00
035 ## - SYSTEM CONTROL NUMBER
System control number EN-130389
037 ## - SOURCE OF ACQUISITION
Source of stock number/acquisition DBAD
082 ## - DEWEY DECIMAL CLASSIFICATION NUMBER
Edition number 1
Classification number 500
100 ## - MAIN ENTRY--PERSONAL NAME
Personal name Saini, Abhas
245 ## - TITLE STATEMENT
Title Super Maths:
Remainder of title The Revision Book/
Statement of responsibility, etc Abhas Saini
260 ## - PUBLICATION, DISTRIBUTION, ETC. (IMPRINT)
Place of publication, distribution, etc Uttar Pradesh
Name of publisher, distributor, etc S. Chand Publishing
Date of publication, distribution, etc 2025
270 ## - ADDRESS
Address D-92, Sector-2, Noida
City Uttar Pradesh
Postal code 201301
Telephone number 61-120-4682700
300 ## - PHYSICAL DESCRIPTION
Extent 423p.
Dimensions 27cm(pb)
500 ## - GENERAL NOTE
General note or SSC, Bank, Railway, CSAT, CDS and All Other Competitive Exams | 1400+ Questions | Chapterwise/Typewise
942 ## - ADDED ENTRY ELEMENTS (KOHA)
Source of classification or shelving scheme Dewey Decimal Classification
Item type English Books
Call number suffix SAI
Classification part 500
Holdings
Withdrawn status Lost status Not for loan Collection code Home library Current library Date acquired Source of acquisition Cost, normal purchase price Full call number Barcode Copy number Cost, replacement price Koha item type
      Non-fiction Central Library Central Library 26/09/2025 Delivery of Books Act Division 450.00 SAI 500 EN-130389 1 450.00 English Books

© Delhi Public Library
Hit Counter
free hit counter